| 000 | 00696nam a2200229 a 4500 | ||
|---|---|---|---|
| 005 | 20230926063625.0 | ||
| 008 | 130911s2011 mx r 000 0 spa d | ||
| 020 | _a9789974823143 | ||
| 020 | _a9789974811133 | ||
| 035 | _aUPN01000192796 | ||
| 049 | _aI | ||
| 050 | 4 |
_aPZ78 _bS5.72 |
|
| 100 | 1 |
_aSlep, Gustavo _934325 |
|
| 245 | 1 | 0 |
_aBasilio y Vero : _ben la ciudad del tiempo / _cGustavo Slep y Melisa Watanabe ; il. de Matías Bervejillo. |
| 260 |
_aUruguay : _bTextual, _c2011. |
||
| 300 |
_a70 p. : _ail. |
||
| 440 | 0 |
_aPequeños filósofos ; _v2 |
|
| 650 | 4 |
_aCuentos infantiles _96744 |
|
| 650 | 4 |
_aNiños y filosofía _97350 |
|
| 700 | 1 |
_aWatanabe, Melisa, _ecoaut. |
|
| 905 | _aLibro | ||
| 999 |
_c164898 _d164898 |
||